لسان العرب / (Record no. 6262)
[ view plain ]
| 000 -الفاتح | |
|---|---|
| حقل البيانات ثابتة الطول | 01643nam a22003375a 4500 |
| 003 - محدد رقم الضبط | |
| رقم الضبط | EG-ScBUE |
| 005 - وقت وتاريخ اخر تعامل مع التسجيلة | |
| رقم الضبط | 20191229111711.0 |
| 008 - عناصر البيانات ثابتة الطول - معلومات عامة | |
| حقل البيانات ثابتة الطول | 100811s1979 au r f d00 0 ara ara d |
| 017 ## - رقم الإيداع القانونى | |
| رقم الإيداع القانونى | 3402 |
| 020 ## - الرقم الدولى المعيارى للكتب | |
| الرقم الدولى المعيارى للكتاب | 9772478692 |
| 040 ## - مصدر الفهرسة | |
| وكالة الفهرسة الأصلية | EG-SCBUE |
| لغة الفهرسة | ara |
| قواعد الوصف | rda |
| وكالة النسخ | EG-SCBUE |
| وكالة التعديل | EG-SCBUE |
| 082 04 - رقم تصنيف ديوى العشرى | |
| رقم التصنيف | 492.73 |
| رقم المادة | م ن ظ |
| رقم الطبعة | 22 |
| 100 1# - المدخل الرئيسى - إسم شخصى | |
| الإسم الشخصى | ابن منظور، محمد بن مكرم، |
| التواريخ المصاحبة للاسم | 630-711 هـ.، |
| الدور | مؤلف. |
| 9 (RLIN) | 17405 |
| 245 10 - بيان العنوان | |
| العنوان | لسان العرب / |
| بيان المسئوليه,etc | ابن منظور ؛ تولى تحقيق لسان العرب نخبة من العاملين بدار المعارف هم الأساتذة عبد الله علي الكبير، محمد أحمد حسب الله، هاشم محمد الشاذلي. |
| 250 ## - بيان الطبعة | |
| بيان الطبعة | طبعة جديدة محققة ومشكولة شكلا كاملا ومذيلة بفهارس مفصلة. |
| 264 #1 - النشر، التوزيع | |
| مكان الناشر او الموزع | القاهرة : |
| اسم الناشر او الموزع | دار المعارف، |
| تاريخ النشر أو التوزيع | [1979] |
| 300 ## - الوصف المادى | |
| التعداد | 6 مجلدات ؛ |
| أبعاد الوعاء | 28 سم |
| 336 ## - نوع المحتوى | |
| source | rdacontent |
| Carrier Type Term | نص |
| Content Type Code | txt |
| 337 ## - نوع الوسيط | |
| source | rdamedia |
| Media Type Term | بدون وسيط |
| Media Type Code | n |
| 338 ## - نوع الحامل أو الناقل | |
| source | rdacarrier |
| Carrier Type Term | مجلد |
| Carrier Type Code | nc |
| 505 0# - تبصرة محتويات-الفهرس | |
| تبصرة المحتويات المصاغة | المجلد الأول -- المجلد الثاني -- المجلد الثالث -- المجلد الرابع -- المجلد الخامس -- المجلد السادس. |
| 590 ## - تبصرة محلية(RLIN) | |
| تبصرة محلية | shimaahisham |
| 650 #7 - المدخل الاضافى بالموضوع-مصطلح موضوعى | |
| مصطلح موضوعي أو اسم جغرافي كعنصر مدخل | اللغة العربية |
| التقسيم الفرعي الشكلي | معاجم. |
| مصدر الرأس أو المصطلح | BUEsh |
| 9 (RLIN) | 8104 |
| 651 ## - المدخل الاضافى بالموضوع - اسم جغرافى | |
| مصدر الرأس أو المصطلح | BUEsh |
| 653 ## - مصطلح تكشيفى غير مقيد | |
| Resource For college | Generalities |
| Arrived date list | December2019 |
| 655 ## - مصطلح تكشيفى-نوع/شكل | |
| التقسيم الفرعي الشكلي | Reading book |
| 700 1# - المدخل الاضافى - اسم شخصى | |
| الإسم الشخصى | كبير، عبد الله علي، |
| الدور | محقق. |
| 700 1# - المدخل الاضافى - اسم شخصى | |
| الإسم الشخصى | حسب الله، محمد أحمد، |
| الدور | محقق. |
| 700 1# - المدخل الاضافى - اسم شخصى | |
| الإسم الشخصى | شاذلي، هاشم محمد، |
| الدور | محقق. |
| 942 ## - عناصر المدخل الإضافي( كوها) | |
| Koha [default] item type | Reference (NB) |
| سابقة رقم الطلب | 492.73 م ن ظ |
| مصدر التصنيف او مخطط الترفيف | Dewey Decimal Classification |
| حالة التراجع | حالة الفقد | مصدر التصنيف او خطة الترفيف | حالة تلف | ليس للاعارة | مجموعات كوها | المكان الدائم | المكان الحالي | موقع الترفيف | تاريخ الاكتساب | رقم الاستدعاء | الباركود | Date last seen | نوع الوعاء | تبصرة عامة |
|---|---|---|---|---|---|---|---|---|---|---|---|---|---|---|
| Dewey Decimal Classification | Alef-Baa | Central Library | Central Library | Second Floor | 11/08/2010 | 492.73 م ن ظ | 000007776 | 15/07/2025 | Book - Borrowing | مج 1 | ||||
| Dewey Decimal Classification | Alef-Baa | Central Library | Central Library | Second Floor | 11/08/2010 | 492.73 م ن ظ | 000007775 | 15/07/2025 | Book - Borrowing | مج 2 | ||||
| Dewey Decimal Classification | Alef-Baa | Central Library | Central Library | Second Floor | 11/08/2010 | 492.73 م ن ظ | 000007777 | 15/07/2025 | Book - Borrowing | مج 3 | ||||
| Dewey Decimal Classification | Alef-Baa | Central Library | Central Library | Second Floor | 11/08/2010 | 492.73 م ن ظ | 000008638 | 15/07/2025 | Book - Borrowing | مج4 | ||||
| Dewey Decimal Classification | Alef-Baa | Central Library | Central Library | Second Floor | 11/08/2010 | 492.73 م ن ظ | 000007774 | 15/07/2025 | Book - Borrowing | مج5 | ||||
| Dewey Decimal Classification | Alef-Baa | Central Library | Central Library | Second Floor | 11/08/2010 | 492.73 م ن ظ | 000007778 | 15/07/2025 | Book - Borrowing | مج 6 |